Discurso leído en la Universidad Central... en el acto de recibir la investidura de doctor / (Record no. 68675)

MARC details
000 -LEADER
campo de control de longitud fija 00797nam a22002175i 4500
001 - NÚMERO DE CONTROL
campo de control 68675
003 - IDENTIFICADOR DE NÚMERO DE CONTROL
campo de control ES-MaACL
005 - FECHA Y HORA DE LA ÚLTIMA TRANSACCIÓN
campo de control 20250809042453.0
007 - CAMPO FIJO DE DESCRIPCIÓN FÍSICA--INFORMACIÓN GENERAL
campo de control de longitud fija t|
008 - DATOS DE LONGITUD FIJA--INFORMACIÓN GENERAL
campo de control de longitud fija 960813s1858 sp ||||1| spa d
080 ## - NÚMERO DE LA CLASIFICACIÓN DECIMAL UNIVERSAL
Número de la Clasificación Decimal Universal 341.231.14
100 1# - ENTRADA PRINCIPAL--NOMBRE DE PERSONA
Nombre de persona Gayoso de la Rua, Francisco de Borja.
9 (RLIN) 56154
245 10 - MENCIÓN DEL TÍTULO
Título Discurso leído en la Universidad Central... en el acto de recibir la investidura de doctor /
Mención de responsabilidad, etc. por ... Francisco de Borja Gayoso de la Rua.
260 ## - PUBLICACIÓN, DISTRIBUCIÓN, ETC.
Lugar de publicación, distribución, etc. Madrid :
Nombre del editor, distribuidor, etc. [s.n.],
Fecha de publicación, distribución, etc. 1858 (
Fabricante Imp. de Santiago Aguado y Compañía)
300 ## - DESCRIPCIÓN FÍSICA
Extensión 13 p. ;
Dimensiones 23 cm.
594 ## - Nota al título y mención de responsabilidad
Nota al título y mención de responsabilidad Tema del discurso: De los derechos imprescriptibles e inalienables
650 #7 - PUNTO DE ACCESO ADICIONAL DE MATERIA--TÉRMINO DE MATERIA
Término de materia o nombre geográfico como elemento de entrada Derechos humanos
Fuente del encabezamiento o término embne
9 (RLIN) 11770
710 2# - ENTRADA AGREGADA--NOMBRE DE ENTIDAD CORPORATIVA
Nombre de entidad corporativa o nombre de jurisdicción como elemento de entrada Universidad Central (Madrid)
9 (RLIN) 7084
852 4# - LOCALIZACIÓN
Ubicación ES-MaACL
Número de control de estantería T-54-F-10
Holdings
Estatus retirado Estado de pérdida Estado de daño No para préstamo Colección Biblioteca de origen Biblioteca actual Ubicación en estantería Fecha de adquisición Fuente de adquisición Total de préstamos Signatura topográfica completa Código de barras Visto por última vez Precio de reemplazo Tipo de ítem Koha
        Colección de folletos Biblioteca del Ateneo de Madrid Biblioteca del Ateneo de Madrid Depósito folletos 17/01/2008     T-54-F-10 1071898 23/02/2023 23/02/2023 Folleto